Zavedenie manažmentu rizika

Definícia rizika ako vplyvu neistoty na ciele. Rozmery rizika. Manažment rizika a postup zavádzania manažmentu rizika. Stratégia a politika riadenia rizika. Úlohy a zodpovednosti pri riadení rizika podľa organizačných stupňov pri zavádzaní manažmentu rizika a jeho realizácii.

Guardado en:
Detalles Bibliográficos
Autor principal: Rybárová, Daniela, 1967-
Otros Autores: Grisáková, Nora, 1978-
Formato: Capítulo de libro
Lenguaje:eslovaco
Materias:
Etiquetas: Agregar Etiqueta
Sin Etiquetas, Sea el primero en etiquetar este registro!

MARC

LEADER 00000naa a2200000 4500
001 0138985
005 20240502072533.6
041 0 |a slo 
044 |a SK 
245 1 0 |a Zavedenie manažmentu rizika  |c Daniela Rybárová, Nora Grisáková 
520 |a Definícia rizika ako vplyvu neistoty na ciele. Rozmery rizika. Manažment rizika a postup zavádzania manažmentu rizika. Stratégia a politika riadenia rizika. Úlohy a zodpovednosti pri riadení rizika podľa organizačných stupňov pri zavádzaní manažmentu rizika a jeho realizácii. 
610 2 0 |a risk management 
610 2 0 |a riadenie rizík 
610 2 0 |a podnik 
610 2 0 |a vedenie podniku 
610 2 0 |a zodpovednosť 
100 1 |a Rybárová, Daniela, 1967- 
700 1 |a Grisáková, Nora, 1978-